=LDR 00000nam 2200000 4500 =001 INLIS000000000021205 =005 20130612120102 =008 ***********************************Ind** =035 ##$$0010-061300000021205 =041 ##$$a Ind =082 ##$$a 370.9 =090 ##$$a 370.9, Zam p =100 ##$$a Zamroni =245 ##$$a Paradigma pendidikan masa depan, Zamroni =260 ##$$a 2000 $b Yogyakarta =300 ##$$a x, 186 hlm, 21 cm =650 ##$$a Pendidikan Indonesia =850 ##$$a NBPNMAT